000
00325 a2200157 4500
001
56963
020
_a
040
_c
Anchieta - Pituba
100
_a
Oliveira, Milton
240
1
0
_a
Mortas paisagens
_l
por
245
1
0
_a
Mortas paisagens
300
_a
109
362
0
_a
1990
650
4
_a
Ficção brasileira
942
_c
BK
999
_c
56963
_d
56963